Derecho de grupos de sociedades

Guardat en:
Dades bibliogràfiques
Autor principal: Arriba Fernández, María Luisa de (Autor)
Format: Llibre
Idioma:espanyol
Publicat: Madrid Civitas 2004
Matèries:
Etiquetes: Afegir etiqueta
Sense etiquetes, Sigues el primer a etiquetar aquest registre!

MARC

LEADER 00000nam a2200000 a 4500
001 UCK6566
003 CL-VaPUC
008 051007e20040000SP |||||||||||||||||spa|d
020 |a 8447021904 
082 0 4 |a 346.4607  |b ARR  |2 21 
100 0 |a Arriba Fernández, María Luisa de  |e author  |9 495959 
245 1 0 |a Derecho de grupos de sociedades 
300 |a 436 p 
942 |c BK 
945 |d 20051007 00:00:00  |a jcarroza 
260 |a Madrid  |b Civitas  |c 2004 
650 0 |a Derecho mercantil  |9 371888 
650 0 |a Sociedades  |9 259052 
650 0 |a Aspectos legales  |9 323328 
583 |a last modification  |c 20051007 00:00:00  |k Rodrigo Vera 
999 |c 314842  |d 314840 
952 |0 0  |1 0  |4 0  |6 346_460700000000000_ARR_2004  |7 0  |8 A  |9 387592  |a BIBDER  |b BIBDER  |d 2019-11-22  |i 4171306  |o 346.4607 ARR 2004  |p 4171306  |r 2023-01-25  |w 2019-11-22  |y BK  |k DER